Adivina logotipos - Estadísticas

Estadísticas generales
  • Esta prueba ha sido intentada 46 veces
  • La puntuación promedio es 19 de 36
Estadísticas de respuestas
Imagen Respuesta % Correcto
Netflix
100%
Seat
97%
Harry Potter
92%
Warner Bros
92%
Disney Channel
89%
Argentina
86%
Alcampo
78%
Cd Tenerife
76%
La Sexta
76%
Vinted
76%
Juego de Tronos
73%
Maserati
73%
Eroski
70%
Idealista
70%
Banco Sabadell
68%
Operación Triunfo
68%
Ryanair
68%
Under Armour
65%
Cleveland Cavaliers
57%
Historia
54%
Gazprom
46%
John Deere
46%
Messi
43%
Nirvana
43%
Rickyedit
41%
Logitech
30%
Helly Hansen
24%
Rafa Nadal
24%
Asos
19%
Blu-ray
19%
Audemars Piguet
11%
Venum
11%
Arc´teryx
8%
Beso Beach
8%
Golden Goose
8%
UFV
5%
No se encontraron pruebas coincidentes
Distribución de puntuación
Porcentaje de gente con cada puntuación
Porcentaje por número respondido
Historial de tus puntuaciones
No has intentado esta prueba.